| 000 | 01214nam a2200313 4500 | ||
|---|---|---|---|
| 001 | 12428 | ||
| 003 | ES-MaACL | ||
| 005 | 20250801151217.0 | ||
| 007 | t| | ||
| 008 | 010322m19801985sp ||||0| spa d | ||
| 016 | 7 | _zIBH8405823677 | |
| 020 | _a84-7392-147-X | ||
| 040 |
_aIBH _bspa _cM-BN-DP |
||
| 080 | _a860-97.09(082.2) | ||
| 080 | _a248(46) | ||
| 245 | 0 | 0 |
_aAntología de la literatura espiritual española / _c[selección] Pedro Sáinz Rodríguez. |
| 260 |
_aSalamanca : _bUniversidad Pontificia ; _a[Madrid] : _bFundación Universitaria Española, _c1980-1985. |
||
| 300 |
_a4 v. ; _c19 cm. |
||
| 490 | 1 |
_aColección Espirituales españoles. Seria A, Textos ; _v28 |
|
| 504 | _aBibliografía. | ||
| 505 | 8 | _a1. Edad Media -- 2. Siglo XVI (Volumen I) -- 3. Siglo XVI (Volumen II) -- 4. Siglo XVII | |
| 650 | 1 | 7 |
_aLiteratura religiosa española _2embne _914659 |
| 700 | 1 |
_aSainz Rodríguez, Pedro, _d1898-1986 _9101608 |
|
| 710 | 2 |
_aUniversidad Pontificia de Salamanca. _97447 |
|
| 710 | 2 |
_aFundación Universitaria Española. _94426 |
|
| 830 | 0 |
_aColección Espirituales españoles. Seria A, Textos ; _v28 _9228298 |
|
| 852 |
_aES-MaACL _jG-3961-64 _bR.123650 |
||
| 999 |
_c12428 _d12428 |
||